000 00696nam a2200181 i 4500
001 35322
003 ES-MaACL
007 t|
008 030212s1954 sp ||||1| spa d
100 1 _aBosch Millares, Juan,
_d1893-1983
_930662
245 1 4 _aLos hospitales de San Lázaro de las Palmas y de curación de la ciudad de Telde
_b: (estudio histórico desde su fundación hasta nuestros días) /
_cJuan Bosch Millares.
260 _a[S.l. :
_bs.n.,
_c1954] (
_eLas Palmas de Gran Canaria :
_fTip. Alzola)
300 _a196 p., 6 lám. ;
_c24 cm.
490 1 _aEl Museo Canario
830 0 _aEl Museo Canario
_9181588
852 _aES-MaACL
_jC-9201
_bR.37272
999 _c35322
_d35322